| 000 | 00465nam a2200169Ia 4500 | ||
|---|---|---|---|
| 005 | 20250508154136.0 | ||
| 008 | 008 250505s9999 xx 000 0 eng d | ||
| 037 | _aBooks to be hide in OPAC | ||
| 040 |
_aFEDL _beng _cFEDL |
||
| 041 |
_aeng _2eng |
||
| 084 |
_a370.58, INT/O _qFEDL |
||
| 245 | 0 | _aInternational year book of education. Vol 27 1965 | |
| 260 | _c1965 | ||
| 300 | _a453p. | ||
| 942 |
_cHB _h370.58, INT/O |
||
| 999 |
_c1347951 _d1347951 |
||